[Event "Oviedo op 8th"]
[Site "Oviedo"]
[Date "2022.07.19"]
[Round "4"]
[White "Arribas Robaina, Maritza"]
[Black "Siscar Conill, Aitor"]
[Result "1-0"]
[WhiteElo "2239"]
[BlackElo "1846"]
[PlyCount "95"]
[EventDate "2022.07.17"]
[EventType "swiss"]
[EventRounds "9"]
[EventCountry "ESP"]
[SourceTitle "CBM 209 Extra"]
[Source "ChessBase"]
[SourceDate "2022.09.30"]
[SourceVersion "1"]
[SourceVersionDate "2022.09.30"]
[SourceQuality "1"]

1. e4 c5 2. Nf3 Nc6 3. Bb5 g6 4. 0-0 Bg7 5. Re1 e5 6. Nc3 Nge7 7. a3 0-0 8. d3 d6 9. h3 h6 10. Bc4 Kh7 11. Nd5 f5 12. c3 f4 13. b4 g5 14. Nxe7 Qxe7 15. b5 Na5 16. Bd5 h5 17. Nh2 Kg6 18. f3 Rh8 19. Ra2 g4 20. fxg4 hxg4 21. Nxg4 Qg5 22. Kf1 Rh4 23. Nf2 Qg3 24. Qf3 Qxf3 25. gxf3 Bxh3+ 26. Nxh3 Rxh3 27. Rg2+ Kf6 28. Ke2 Rah8 29. Reg1 Rh2 30. Bd2 R8h3 31. Be1 b6 32. Bf2 Rxg2 33. Rxg2 Rh1 34. Rg4 Rh2 35. Kf1 Bh6 36. Bh4+ Rxh4 37. Rxh4 Kg6 38. Kg2 c4 39. Bxc4 Nxc4 40. dxc4 Bg7 41. Rg4+ Kf7 42. Kh3 Bf6 43. Rg1 Kf8 44. Kg4 Kf7 45. Kf5 Be7 46. Rh1 Bf8 47. Rh7+ Bg7 48. a4 1-0

[Event "Oviedo op 8th"]
[Site "Oviedo"]
[Date "2022.07.17"]
[Round "1"]
[White "Prochaieva, Nina"]
[Black "Siscar Conill, Aitor"]
[Result "0-1"]
[WhiteElo "1166"]
[BlackElo "1846"]
[PlyCount "52"]
[EventDate "2022.07.17"]
[EventType "swiss"]
[EventRounds "9"]
[EventCountry "ESP"]
[SourceTitle "CBM 209 Extra"]
[Source "ChessBase"]
[SourceDate "2022.09.30"]
[SourceVersion "1"]
[SourceVersionDate "2022.09.30"]
[SourceQuality "1"]

1. d3 d5 2. g3 g6 3. Bg2 Bg7 4. Nd2 Nf6 5. e4 dxe4 6. dxe4 Nc6 7. Ne2 0-0 8. 0-0 e5 9. f4 exf4 10. gxf4 Nd4 11. h3 Nh5 12. Kh2 Qh4 13. Nf3 Nxf3+ 14. Rxf3 Bg4 15. Re3 Nxf4 16. Qf1 Bxe2 17. Rxe2 Nxe2 18. Qxe2 f5 19. Be3 fxe4 20. Qc4+ Kh8 21. Qxc7 Rae8 22. Qxb7 Be5+ 23. Kg1 Qg3 24. Bf2 Qxf2+ 25. Kh1 Qg3 26. Qxe4 Qh2# 0-1